Economics development សេដ្ឋកិច្ចអភិវឌ្ឍន៍ (Record no. 9744)
[ view plain ]
| 000 -LEADER | |
|---|---|
| fixed length control field | 00456nam a22001217a 4500 |
| 040 ## - CATALOGING SOURCE | |
| Transcribing agency | HS |
| 082 ## - DEWEY DECIMAL CLASSIFICATION NUMBER | |
| Classification number | 338 |
| 100 ## - MAIN ENTRY--AUTHOR NAME | |
| Personal name | ចាន់ ប៊ុននិវត្តន៍ |
| 245 ## - TITLE STATEMENT | |
| Title | Economics development សេដ្ឋកិច្ចអភិវឌ្ឍន៍ |
| 260 ## - PUBLICATION, DISTRIBUTION, ETC. (IMPRINT) | |
| Place of publication | វិទ្យាស្ថានអន្តរជាតិនៃកម្ពុជា |
| Name of publisher | ចាន់ ប៊ុននិវត្តន៍ |
| Year of publication | 2007 |
| 300 ## - PHYSICAL DESCRIPTION | |
| Number of Pages | 221p; |
| 942 ## - ADDED ENTRY ELEMENTS (KOHA) | |
| Koha item type | សៀវភៅភាសាខ្មែរ |
| 952 ## - LOCATION AND ITEM INFORMATION (KOHA) | |
| Withdrawn status [LOCAL, KOHA] | 0 |
| Permanent Location | Date acquired | Koha item type | Lost status | Shelving location | Barcode | Current Location | Full call number |
|---|---|---|---|---|---|---|---|
| Library Block C | 2016-09-08 | សៀវភៅភាសាខ្មែរ | C234 | RUA41709 | Library Block C | 338 ចាន់ 2007 C234 |